000 00714nam a22001937a 4500
008 111003t xxu||||| |||| 00| 0 eng d
020 _a9780071221276
050 _aQA76
_b.O45 2011
100 _aO’Leary, Timothy J., 1947-
245 _aComputing essentials/
_cTimothy J. O’Leary,
250 _bIntetnational student edition
260 _aNew york
_bMcGraw-Hill,
_c2011.
300 _axxvi,329 p.
_bill.
_c28 cm.
500 _aincludes bibliographical details and index
650 _bcomputing
700 _aLinda I. O’Leary.
942 _2lcc
_cBK
999 _c39442
_d39442